Flags of Countries and Unrecognized States of Africa - Statistics

General Stats
  • This quiz has been taken 12 times
  • The average score is 40 of 57
Answer Stats
Picture Answer % Correct
Chad
100%
Egypt
100%
South Africa
100%
Angola
83%
Botswana
83%
Central African Republic
83%
Democratic Republic of the Congo
83%
Ethiopia
83%
Guinea
83%
Ivory Coast
83%
Liberia
83%
Morocco
83%
Republic of the Congo
83%
São Tomé and Príncipe
83%
Senegal
83%
Sierra Leone
83%
Uganda
83%
Zambia
83%
Algeria
67%
Benin
67%
Burkina Faso
67%
Cameroon
67%
Cape Verde
67%
Djibouti
67%
Equatorial Guinea
67%
Eritrea
67%
Eswatini
67%
Gabon
67%
Ghana
67%
Guinea-Bissau
67%
Kenya
67%
Lesotho
67%
Libya
67%
Madagascar
67%
Malawi
67%
Mali
67%
Mauritania
67%
Mauritius
67%
Mozambique
67%
Namibia
67%
Niger
67%
Nigeria
67%
Rwanda
67%
Seychelles
67%
Somalia
67%
South Sudan
67%
Sudan
67%
Tanzania
67%
The Gambia
67%
Togo
67%
Tunisia
67%
Burundi
50%
Comoros
50%
Somaliland
50%
Zimbabwe
50%
Western Sahara
33%
Azawad
0%
No matching quizzes found
Score Distribution
Percent of People with Each Score
Percentile by Number Answered
Your Score History
You have not taken this quiz